| 000 | 00469nam a22001817a 4500 | ||
|---|---|---|---|
| 005 | 20250911140916.0 | ||
| 008 | 250107b |||||||| |||| 00| 0 eng d | ||
| 020 | _a978-81-89966-41-3 | ||
| 041 | _aEnglish | ||
| 082 | _aSO 301 CLE DB1318 | ||
| 100 |
_aClement I _9119826 |
||
| 245 | _aApplied Sociology for BSc Nursing Students | ||
| 250 | _a5th ed. | ||
| 260 |
_aHyderabad _bFrontline Publications _c2024 |
||
| 300 | _a310p | ||
| 365 | _bRs. 500 | ||
| 942 | _cDB | ||
| 999 |
_c362462 _d362462 |
||